The influence of England on the French agronomes, 1750-1789
Gespeichert in:
| 1. Verfasser: | |
|---|---|
| Format: | Buch |
| Sprache: | Englisch |
| Veröffentlicht: |
Cambridge University Press
2013
|
| Tags: |
Tag hinzufügen
Keine Tags, Fügen Sie den ersten Tag hinzu!
|
MARC
| LEADER | 00000nam a22000007a 4500 | ||
|---|---|---|---|
| 008 | 210812b ||||| |||| 00| 0 eng d | ||
| 020 | |a 9781107625372 | ||
| 100 | |a BOURDE, Andre J. | ||
| 245 | |a The influence of England on the French agronomes, 1750-1789 |c Andre J.Bourde |e Cambridge studies in economic history |g xi,249;ill | ||
| 260 | |b Cambridge University Press |c 2013 |h New York |i 696786 |i 696787 |l S463.B66 |m Duhamel du Monceau, M; 1700-1782 |m Tul,Jethro, 1674-1741 |m Agriculture-France-History | ||
| 500 | |a it includes references and index | ||
| 942 | |a lcc |c BK |e Johnson |f 12/08/21 | ||
| 952 | |0 0 |1 0 |2 lcc |4 0 |7 0 |9 3006 |a AG |b HOL |c QZ |d 2021-08-12 |o S463.B66 |p 2021-66699 |r 2021-08-12 00:00:00 |w 2021-08-12 |y BK | ||
| 952 | |0 0 |1 0 |2 lcc |4 0 |6 S0463 B66 |7 0 |9 3007 |a HOL |b HOL |c QZ |d 2021-08-12 |l 0 |o S463.B66 |p 2021-66700 |r 2021-08-12 00:00:00 |w 2021-08-12 |y BK | ||
| 999 | |c 1523 |d 1523 | ||